Qui est qui ? - League of Legends - Statistiques

Statistiques générales
  • Ce quiz a été pris 55 fois
  • Le résultat moyen est 15 sur 16
Statistiques - réponses
Par images Réponse % Correct
Annie
100%
Aphelios
100%
Diana
100%
Kai’Sa
100%
Séraphine
100%
Sett
100%
Sona
98%
Zoé
98%
Aurelion Sol
96%
Fiora
96%
Janna
96%
Zeri
96%
Riven
94%
Cassiopeia
92%
Orianna
88%
Qiyana
83%
Aucun quiz correspondant
Distribution des résultats
% des personnes avec chaque résultat
Percentile par nombre de réponses
Votre historique - résultats
Vous n’avez pas pris ce quiz